000
00208 a2200097 4500
001
48868
100
_a
Walker
245
_a
Air Superiority operations
260
_a
Londan
_b
Brassey
_c
090
_c
31763
_d
31763
942
_a
NUST-CAE
_c
M
_c
24184
999
_c
283941
_d
283941